<?xml version="1.0" encoding="UTF-8"?>
<record
    xmlns:xsi="http://www.w3.org/2001/XMLSchema-instance"
    xsi:schemaLocation="http://www.loc.gov/MARC21/slim http://www.loc.gov/standards/marcxml/schema/MARC21slim.xsd"
    xmlns="http://www.loc.gov/MARC21/slim">

  <leader>01715nam a22002777a 4500</leader>
  <datafield tag="999" ind1=" " ind2=" ">
    <subfield code="c">56893</subfield>
    <subfield code="d">56893</subfield>
  </datafield>
  <controlfield tag="003">Ge_BSU</controlfield>
  <controlfield tag="005">20190610205711.0</controlfield>
  <controlfield tag="008">190610b2019       ||||| |||| 00| 0 geo d</controlfield>
  <datafield tag="020" ind1=" " ind2=" ">
    <subfield code="a">9789941473982</subfield>
  </datafield>
  <datafield tag="041" ind1=" " ind2=" ">
    <subfield code="a">geo</subfield>
  </datafield>
  <datafield tag="080" ind1=" " ind2=" ">
    <subfield code="a">94(479.22) &#x10D2;-60</subfield>
  </datafield>
  <datafield tag="100" ind1=" " ind2=" ">
    <subfield code="a">&#x10D2;&#x10DD;&#x10D2;&#x10D8;&#x10E2;&#x10D8;&#x10EB;&#x10D4;,&#x10DB;&#x10D0;&#x10DB;&#x10E3;&#x10D9;&#x10D0;.</subfield>
    <subfield code="9">2378</subfield>
  </datafield>
  <datafield tag="245" ind1=" " ind2=" ">
    <subfield code="a">,,&#x10D3;&#x10D0;&#x10DB;&#x10DD;&#x10E3;&#x10D9;&#x10D8;&#x10D3;&#x10D4;&#x10D1;&#x10D4;&#x10DA;&#x10D8; &#x10E1;&#x10D0;&#x10E5;&#x10D0;&#x10E0;&#x10D7;&#x10D5;&#x10D4;&#x10DA;&#x10DD;&#x10E1; &#x10D2;&#x10D4;&#x10DC;&#x10D4;&#x10E0;&#x10D0;&#x10DA;&#x10D8;&#x10E2;&#x10D4;&#x10E2;&#x10D8;" (1918-2018)  /</subfield>
    <subfield code="c">&#x10DB;&#x10D0;&#x10DB;&#x10E3;&#x10D9;&#x10D0; &#x10D2;&#x10DD;&#x10D2;&#x10D8;&#x10E2;&#x10D8;&#x10EB;&#x10D4; ; &#x10DB;&#x10D0;&#x10DB;&#x10D8;&#x10D0; &#x10D2;&#x10DD;&#x10D2;&#x10DD;&#x10DA;&#x10D0;&#x10EB;&#x10D4; ;  &#x10D2;&#x10D8;&#x10DD;&#x10E0;&#x10D2;&#x10D8; &#x10D1;&#x10D4;&#x10DF;&#x10D8;&#x10E2;&#x10D0;&#x10E8;&#x10D5;&#x10D8;&#x10DA;&#x10D8; ; &#x10E1;&#x10D0;&#x10E0;&#x10D4;&#x10D3;.&#x10D9;&#x10DD;&#x10DA;: &#x10DB;&#x10D8;&#x10EE;&#x10D4;&#x10D8;&#x10DA;, &#x10D1;&#x10D0;&#x10EE;&#x10E2;&#x10D0;&#x10EB;&#x10D4; ; &#x10D7;&#x10D4;&#x10DC;&#x10D2;&#x10D8;&#x10D6; &#x10E8;&#x10E3;&#x10D1;&#x10DA;&#x10D0;&#x10EB;&#x10D4; &#x10D3;&#x10D0; &#x10E1;&#x10EE;&#x10D5;.. </subfield>
  </datafield>
  <datafield tag="264" ind1=" " ind2=" ">
    <subfield code="a">&#x10D7;&#x10D1;&#x10D8;&#x10DA;&#x10D8;&#x10E1;&#x10D8; :</subfield>
    <subfield code="b">&#x10DB;&#x10EC;&#x10D8;&#x10D2;&#x10DC;&#x10DD;&#x10D1;&#x10D0;&#x10E0;&#x10D8;,</subfield>
    <subfield code="c">2019.</subfield>
  </datafield>
  <datafield tag="300" ind1=" " ind2=" ">
    <subfield code="a">232 &#x10D2;&#x10D5;.:</subfield>
    <subfield code="c">24 &#x10E1;&#x10DB;.</subfield>
  </datafield>
  <datafield tag="504" ind1=" " ind2=" ">
    <subfield code="a">&#x10D1;&#x10D8;&#x10D1;&#x10DA;&#x10D8;&#x10DD;&#x10E4;&#x10E0;&#x10D0;&#x10E4; : &#x10D2;&#x10D5;.228-229.</subfield>
  </datafield>
  <datafield tag="520" ind1=" " ind2=" ">
    <subfield code="a">&#x10E0;&#x10D4;&#x10D6;&#x10D8;&#x10E3;&#x10DB;&#x10D4; :  &#x10E5;&#x10D0;&#x10E0;&#x10D7;&#x10E3;&#x10DA; &#x10D3;&#x10D0; &#x10D8;&#x10DC;&#x10D2;&#x10DA;&#x10D8;&#x10E1;&#x10E3;&#x10E0; &#x10D4;&#x10DC;&#x10D0;&#x10D6;&#x10D4;.</subfield>
  </datafield>
  <datafield tag="653" ind1=" " ind2=" ">
    <subfield code="a">&#x10E1;&#x10D0;&#x10E5;&#x10D0;&#x10E0;&#x10D7;&#x10D5;&#x10D4;&#x10DA;&#x10DD;&#x10E1; &#x10D3;&#x10D0;&#x10DB;&#x10DD;&#x10E3;&#x10D9;&#x10D8;&#x10D3;&#x10D4;&#x10D1;&#x10DA;&#x10DD;&#x10D1;&#x10D8;&#x10E1; &#x10D0;&#x10E6;&#x10D2;&#x10D4;&#x10DC;&#x10D0;</subfield>
  </datafield>
  <datafield tag="653" ind1=" " ind2=" ">
    <subfield code="a">&#x10D8;&#x10E1;&#x10E2;&#x10DD;&#x10E0;&#x10D8;&#x10D0;</subfield>
  </datafield>
  <datafield tag="700" ind1=" " ind2=" ">
    <subfield code="a">&#x10D2;&#x10DD;&#x10D2;&#x10DD;&#x10DA;&#x10D0;&#x10EB;&#x10D4;, &#x10DB;&#x10D0;&#x10DB;&#x10D8;&#x10D0;</subfield>
    <subfield code="9">2379</subfield>
  </datafield>
  <datafield tag="700" ind1=" " ind2=" ">
    <subfield code="a">&#x10D1;&#x10D4;&#x10DF;&#x10D8;&#x10E2;&#x10D0;&#x10E8;&#x10D5;&#x10D8;&#x10DA;&#x10D8;, &#x10D2;&#x10D8;&#x10DD;&#x10E0;&#x10D2;&#x10D8;</subfield>
    <subfield code="9">2380</subfield>
  </datafield>
  <datafield tag="700" ind1=" " ind2=" ">
    <subfield code="a">&#x10D1;&#x10D0;&#x10EE;&#x10E2;&#x10D0;&#x10EB;&#x10D4;, &#x10DB;&#x10D8;&#x10EE;&#x10D4;&#x10D8;&#x10DA;</subfield>
    <subfield code="e">&#x10E1;&#x10D0;&#x10E0;&#x10D4;&#x10D3;&#x10D0;&#x10E5;&#x10EA;&#x10D8;&#x10DD; &#x10D9;&#x10DD;&#x10DA;&#x10D4;&#x10D2;&#x10D8;&#x10D0;</subfield>
    <subfield code="9">2381</subfield>
  </datafield>
  <datafield tag="700" ind1=" " ind2=" ">
    <subfield code="a">&#x10E8;&#x10E3;&#x10D1;&#x10DA;&#x10D0;&#x10EB;&#x10D4;, &#x10D7;&#x10DC;&#x10D2;&#x10D8;&#x10D6;</subfield>
    <subfield code="e">&#x10E1;&#x10D0;&#x10E0;&#x10D4;&#x10D3;&#x10D0;&#x10E5;&#x10EA;&#x10D8;&#x10DD; &#x10D9;&#x10DD;&#x10DA;&#x10D4;&#x10D2;&#x10D8;&#x10D0;</subfield>
    <subfield code="9">2382</subfield>
  </datafield>
  <datafield tag="710" ind1=" " ind2=" ">
    <subfield code="a">&#x10E1;&#x10D0;&#x10E5;&#x10D0;&#x10E0;&#x10D7;&#x10D5;&#x10D4;&#x10DA;&#x10DD;&#x10E1; &#x10E1;&#x10D0;&#x10DB;&#x10EE;&#x10D4;&#x10D3;&#x10E0;&#x10DD; &#x10D8;&#x10E1;&#x10E2;&#x10DD;&#x10E0;&#x10D8;&#x10D8;&#x10E1; &#x10E1;&#x10D0;&#x10D6;&#x10DD;&#x10D2;&#x10D0;&#x10D3;&#x10DD;&#x10D4;&#x10D1;&#x10D0;</subfield>
    <subfield code="9">2383</subfield>
  </datafield>
  <datafield tag="942" ind1=" " ind2=" ">
    <subfield code="2">udc</subfield>
    <subfield code="c">BK</subfield>
  </datafield>
  <datafield tag="952" ind1=" " ind2=" ">
    <subfield code="0">0</subfield>
    <subfield code="1">0</subfield>
    <subfield code="2">udc</subfield>
    <subfield code="4">0</subfield>
    <subfield code="6">9447922_&#x10D2;60</subfield>
    <subfield code="7">0</subfield>
    <subfield code="9">86314</subfield>
    <subfield code="a">CPL</subfield>
    <subfield code="b">CPL</subfield>
    <subfield code="c">GEN</subfield>
    <subfield code="d">2019-06-10</subfield>
    <subfield code="g">10.00</subfield>
    <subfield code="o">94(479.22) &#x10D2;-60</subfield>
    <subfield code="p">59695</subfield>
    <subfield code="r">2019-06-10</subfield>
    <subfield code="t">59695</subfield>
    <subfield code="w">2019-06-10</subfield>
    <subfield code="y">BK</subfield>
    <subfield code="z">10 &#x10DA;.</subfield>
  </datafield>
</record>
